000 00367nam a2200133Ia 4500
008 220217s9999||||xx |||||||||||||| ||und||
020 _a0-534-36642-2
082 _a004.165 VAL
100 _aValvano, Jonathan, W
_91846
245 0 _aEmbeded microcomputer systems
260 _aThomoson learning
_bAustralia
_c1999
300 _b1105
650 _aMICROPROCESSOR
999 _c168276
_d168276